Catálogo
 En Linea

Índice de las riquezas y posibilidades naturales y económicas que ofrece la República Dominicana. (Registro nro. 32294)

Detalles MARC
000 -CABECERA
campo de control de longitud fija 00581nam a2200157 a 4500
001 - NÚMERO DE CONTROL
campo de control 000032803
005 - FECHA Y HORA DE LA ÚLTIMA TRANSACCIÓN
campo de control 20200930065837.0
008 - DATOS DE LONGITUD FIJA--INFORMACIÓN GENERAL
campo de control de longitud fija 110726s1940 dr 000 0 spa d
040 ## - FUENTE DE LA CATALOGACIÓN
Centro catalogador/agencia de origen DO-SdBNP
Lengua de catalogación spa
Centro/agencia transcriptor BNPHU
082 ## - NÚMERO DE LA CLASIFICACIÓN DECIMAL DEWEY
Número de clasificación xxxx
Número de documento/Ítem R426i
049 ## - FONDOS LOCALES (OCLC)
Fondos de biblioteca BNPD
100 1# - ENTRADA PRINCIPAL--NOMBRE DE PERSONA
Nombre de persona República Dominicana.
Numeración Secretaría de Estado de Agricultura Industria y Trabajo
9 (RLIN) 58622
245 10 - MENCIÓN DE TÍTULO
Título Índice de las riquezas y posibilidades naturales y económicas que ofrece la República Dominicana.
260 ## - PUBLICACIÓN, DISTRIBUCIÓN, ETC.
Lugar de publicación, distribución, etc. Cuidad Trujillo, República Dominicana :
Nombre del editor, distribuidor, etc. Imp. La Opinión,
Fecha de publicación, distribución, etc. 1940.
300 ## - DESCRIPCIÓN FÍSICA
Extensión 44 p. ;
Dimensiones 18 cm.
Existencias
Estado de retiro Estado de pérdida Restricciones de uso No para préstamo Código de colección Localización permanente Ubicación/localización actual Ubicación en estantería Fecha de adquisición Número de inventario Total de préstamos Signatura topográfica completa Código de barras Fecha visto por última vez Precio válido a partir de Tipo de ítem Koha Nota pública
      Excluido de préstamo Monografías antiguas Patrimonio Dominicano Patrimonio Dominicano En catalogación 26.07.2011 LF1   xxxx R426i 32803-10 25.06.2020 25.06.2020 No se presta Perteneció a la biblioteca personal de Carlos Larrazábal Blanco

Con tecnología Koha